000 00915nam a22002297a 4500
999 _c22619
_d22619
003 AR-CdUCM
008 190409b ||||| |||| 00| 0 spa d
020 _a9786124453205
040 _aMUNICIPALIDAD PROVINCIAL DEL CUSCO
_cBIBLIOTECA MUNICIPAL DEL CUSCO
082 _a324.620985/P
_bP
245 _aPara entender el voto popular :
_bcontrol ciudadano y nuevas autoridades: análisis y resultados de la consulta popular de revocatoria 2021 y de las elecciones municipales complementarias en Chipao /
260 _aLima :
_bJurado Nacional de Elecciones,
_c2022.
300 _a124 páginas. :
_bilustraciones ;
_c26 cm.
650 _aElecciones
_91677
650 _aParticipación ciudadana
_94011
650 _aVotación
_948652
650 _aPolítica y gobierno
_92693
650 _aSiglo XXI
_948674
710 _aJurado Nacional de Elecciones
_tentidad editora
_948650
942 _2ddc
_cLIBROS
945 _arac